| 000 | 00779 a2200217 4500 | ||
|---|---|---|---|
| 999 |
_c5852 _d5852 |
||
| 010 | _aENG-86979 B315695 | ||
| 020 |
_a8180545539 _c250.00 |
||
| 035 | _aEN-70512 | ||
| 035 | _aB-315695 | ||
| 037 | _bDBAD / PUB | ||
| 037 | _bUBH/RP/CL/E;12/20-01-09/24-01-09/30-01-09 | ||
| 082 | _a346.066 | ||
| 100 | _aKapoor, G. K. | ||
| 245 |
_aLectures on corporate laws and secretarial practice : _cby G. K. Kapoor _bfor C. A. (final) / |
||
| 250 | _a7th rev.ed | ||
| 260 |
_aNew Delhi _bSultan Chand _c2007 |
||
| 270 |
_a23, Daryaganj _bNew Delhi _e110 002 _k23243183, 23247051 _l011-23266357 |
||
| 300 |
_avarious paging _c28 cm (Pbk) |
||
| 942 |
_adpl _cEN _2ddc _h346.066 _mKAP |
||